<?xml version="1.0" encoding="UTF-8"?>
<record
    xmlns:xsi="http://www.w3.org/2001/XMLSchema-instance"
    xsi:schemaLocation="http://www.loc.gov/MARC21/slim http://www.loc.gov/standards/marcxml/schema/MARC21slim.xsd"
    xmlns="http://www.loc.gov/MARC21/slim">

  <leader>00858nam a22002177a 4500</leader>
  <controlfield tag="005">20240606104106.0</controlfield>
  <datafield tag="010" ind1=" " ind2=" ">
    <subfield code="a">HIN-127637, HIN-127638, HIN-127639, HIN-127661</subfield>
  </datafield>
  <datafield tag="020" ind1=" " ind2=" ">
    <subfield code="a">9798885912501</subfield>
    <subfield code="c">225.00</subfield>
  </datafield>
  <datafield tag="035" ind1=" " ind2=" ">
    <subfield code="a">HN-99983</subfield>
  </datafield>
  <datafield tag="035" ind1=" " ind2=" ">
    <subfield code="a">HN-99985</subfield>
  </datafield>
  <datafield tag="035" ind1=" " ind2=" ">
    <subfield code="a">HN-100007</subfield>
  </datafield>
  <datafield tag="037" ind1=" " ind2=" ">
    <subfield code="b">DBAD</subfield>
  </datafield>
  <datafield tag="082" ind1=" " ind2=" ">
    <subfield code="a">&#x915;</subfield>
  </datafield>
  <datafield tag="100" ind1=" " ind2=" ">
    <subfield code="a">&#x938;&#x93F;&#x902;&#x939;, &#x936;&#x94D;&#x930;&#x940;&#x927;&#x930;</subfield>
    <subfield code="9">67384</subfield>
  </datafield>
  <datafield tag="245" ind1=" " ind2=" ">
    <subfield code="a">&#x938;&#x92B;&#x930;&#x928;&#x93E;&#x92E;&#x93E;/</subfield>
    <subfield code="c">&#x936;&#x94D;&#x930;&#x940;&#x927;&#x930; &#x938;&#x93F;&#x902;&#x939;</subfield>
  </datafield>
  <datafield tag="260" ind1=" " ind2=" ">
    <subfield code="a">&#x928;&#x908; &#x926;&#x93F;&#x932;&#x94D;&#x932;&#x940;</subfield>
    <subfield code="b">&#x928;&#x94B;&#x936;&#x928; &#x92A;&#x94D;&#x930;&#x947;&#x938; &#x92A;&#x92C;&#x94D;&#x932;&#x93F;&#x936;&#x93F;&#x902;&#x917;</subfield>
    <subfield code="c">2020</subfield>
  </datafield>
  <datafield tag="270" ind1=" " ind2=" ">
    <subfield code="a">3rd &#x92B;&#x94D;&#x932;&#x94B;&#x930;, 67-68, &#x91A;&#x902;&#x926;&#x94D;&#x930;&#x93E; &#x92D;&#x935;&#x928;, &#x928;&#x947;&#x939;&#x930;&#x941; &#x92A;&#x94D;&#x932;&#x947;&#x938;</subfield>
    <subfield code="b">&#x928;&#x908; &#x926;&#x93F;&#x932;&#x94D;&#x932;&#x940;</subfield>
    <subfield code="e">110019</subfield>
  </datafield>
  <datafield tag="300" ind1=" " ind2=" ">
    <subfield code="a">149&#x92A;&#x94D;. </subfield>
    <subfield code="c">21 &#x938;&#x947;.&#x92E;&#x940;. (&#x905;&#x91C;&#x93F;&#x932;&#x94D;&#x926;).</subfield>
  </datafield>
  <datafield tag="700" ind1=" " ind2=" ">
    <subfield code="a">&#x938;&#x93F;&#x902;&#x939;, &#x936;&#x94D;&#x930;&#x940;&#x927;&#x930;</subfield>
    <subfield code="9">66297</subfield>
  </datafield>
  <datafield tag="942" ind1=" " ind2=" ">
    <subfield code="2">ddc</subfield>
    <subfield code="c">HN</subfield>
    <subfield code="h">&#x915;</subfield>
    <subfield code="m">&#x936;&#x94D;&#x930;&#x940;&#x927;&#x930;</subfield>
  </datafield>
  <datafield tag="999" ind1=" " ind2=" ">
    <subfield code="c">202986</subfield>
    <subfield code="d">202986</subfield>
  </datafield>
  <datafield tag="952" ind1=" " ind2=" ">
    <subfield code="0">0</subfield>
    <subfield code="1">0</subfield>
    <subfield code="4">0</subfield>
    <subfield code="7">0</subfield>
    <subfield code="8">FIC</subfield>
    <subfield code="a">NPL</subfield>
    <subfield code="b">NPL</subfield>
    <subfield code="d">2024-05-17</subfield>
    <subfield code="e">DBAD</subfield>
    <subfield code="g">225.00</subfield>
    <subfield code="l">2</subfield>
    <subfield code="m">1</subfield>
    <subfield code="o">&#x915; &#x936;&#x94D;&#x930;&#x940;&#x927;&#x930;</subfield>
    <subfield code="p">HN-99985</subfield>
    <subfield code="r">2024-09-25 00:00:00</subfield>
    <subfield code="s">2024-09-11</subfield>
    <subfield code="t">1</subfield>
    <subfield code="v">225.00</subfield>
    <subfield code="w">2024-05-17</subfield>
    <subfield code="y">HN</subfield>
  </datafield>
  <datafield tag="952" ind1=" " ind2=" ">
    <subfield code="0">0</subfield>
    <subfield code="1">0</subfield>
    <subfield code="4">0</subfield>
    <subfield code="7">0</subfield>
    <subfield code="8">FIC</subfield>
    <subfield code="a">CJ</subfield>
    <subfield code="b">CJ</subfield>
    <subfield code="d">2024-05-21</subfield>
    <subfield code="e">DBAD</subfield>
    <subfield code="g">225.00</subfield>
    <subfield code="l">1</subfield>
    <subfield code="o">&#x915; &#x936;&#x94D;&#x930;&#x940;&#x927;&#x930;</subfield>
    <subfield code="p">HN-100007</subfield>
    <subfield code="r">2025-05-30 00:00:00</subfield>
    <subfield code="s">2025-05-19</subfield>
    <subfield code="t">1</subfield>
    <subfield code="v">225.00</subfield>
    <subfield code="w">2024-05-21</subfield>
    <subfield code="y">HN</subfield>
  </datafield>
</record>
